| 000 | 00000nam##2200000za#4500 |
| 001 | 9.640990 |
| 003 | CaOODSP |
| 005 | 20210624222933 |
| 007 | cr ||||||||||| |
| 008 | 150407|2012||||xxc|||||o f|0| 0 fre|d |
| 020 | |a978-1-100-99985-2 |
| 040 | |aCaOODSP|bfre |
| 043 | |an-cn--- |
| 086 | 1 |aCH7-15/2012F-PDF |
| 110 | 1 |aCanada. |bPatrimoine canadien. |
| 245 | 10|aÉvaluation de l'initiative Cadre de responsabilisation et de coordination de la Feuille de route pour la dualité linguistique canadienne 2008-2013 / |h[ressource électronique]|c[Préparé par le] Bureau du dirigeant principal de la vérification et de l'évaluation, Direction des services d'évaluation. |
| 260 | |bPatrimoine canadien |cSeptembre 2012. |
| 300 | |a56p.|bfigures, tableaux |
| 590 | |a15-05-Supp|b2015-03-31 |
| 691 | 07|aLangue officielle|2gcpds |
| 775 | 08|tEvaluation of the accountability and coordination framework for the Roadmap for Canada's Linguistic Duality 2008-2013 Initiative / |w(CaOODSP)9.696911 |
| 856 | 40|ahttp://publications.gc.ca|qPDF|s841 Ko|uhttps://publications.gc.ca/collections/collection_2015/pc-ch/CH7-15-2012-fra.pdf |